Ruby Rogers İşine Bak ! (Record no. 660324)

MARC details
000 -LEADER
sabit uzunluktaki kontrol alanı 00234nam a2200097Ia 4500
001 - KONTROL NUMARASI
kontrol alanı 660324
005 - EN SON İŞLEMİN TARİH VE ZAMANI
kontrol alanı 20250826160112.0
008 - SABİT-UZUNLUKTA VERİ ÖĞELERİ--GENEL BİLGİ
sabit uzunluktaki kontrol alanı 250824s9999 xx 000 0 und d
245 #0 - ESER / YAZAR
ESER ADI Ruby Rogers İşine Bak !
Yazar Adı Sue Limb
260 ## - YAYIN, DAĞITIM, VB.
YAYIN EVİ ALTIN
Holdings
Düşüm durumu Kayıp durumu Hasar Durumu Ödünç verilmez Ana kütüphane Geçerli Kütüphane Edinilen tarih Toplam ödünç verme sayısı Barkod İade tarihi Son görüntüleme tarihi Son ödünç verme tarihi Fiyatın geçerli olmaya başladığı tarih Koha materyal türü
        SELÇUKLU İMAM HATİP ORTAOKULU SELÇUKLU İMAM HATİP ORTAOKULU 24.08.2025 1 101222 13.01.2026 29.12.2025 29.12.2025 26.08.2025 Books